000 01467cam a2200157 4500500
005 20260329054741.0
041 _afre
042 _adc
100 1 0 _aJean, Yves
_eauthor
700 1 0 _aVanier, de Martin
_eauthor
700 1 0 _aVanier, Martin
_eauthor
245 0 0 _aLa France : Aménager les territoires
260 _bArmand Colin,
_c2009.
520 _a« Aménager les territoires » désigne, du local à l’Europe, un ensemble foisonnant de politiques publiques et d’actions collectives qui contribuent à fabriquer l’espace français. Les auteurs ont pris le triple parti de l’analyse des mutations institutionnelles depuis les lois de décentralisation de 1982, du regard critique, ainsi que de la diversité des thèmes et des situations régionales. Cette 2e édition mise à jour et argumentée propose également une série d’études sur les enjeux majeurs qui mobilisent les acteurs de l’aménagement des territoires : métropolisation et attractivité, nouveaux conflits, services publics et équité territoriale, transport et accessibilité des infrastructures, environnement et durabilité, mutations et nouvelles fonctions des espaces ruraux, etc. Destiné aux étudiants de géographie, et aux aménagistes en particulier, il fait un point sur la question destinée à l’ensemble des candidats au Capes et aux agrégations.
856 4 1 _uhttps://shs.cairn.info/la-france--9782200244354?lang=fr&redirect-ssocas=7080
999 _c2006292
_d2006292